Calcul égal à 7 - Mort subite - Statistiques

Statistiques générales
  • Ce quiz a été pris 304 fois
  • Le résultat moyen est 9 sur 15
Answers on the Grid
Answers color-coded by a green-red scale on the quiz's grid according to % correct below.
10-3
9-2
5x4-13
5x5-10
14/2
21/3
77/11
98/14
12-10+5
20-10-3
2/2+6
55-55+7
14/14+5
45/3-8
5+4/2
12x2-10-7
100x100-100x100+7
0+7x0
14/3
12-6
12-4
78/2-20
44/11+5
50/2/2
2x3,6
2x 2,5
(34-10-10)/3
9/3+7
12-0-7
100/100+7
 
Statistiques - réponses
Réponse % Correct
14/2
78%
10-3
76%
9-2
76%
21/3
73%
77/11
69%
2/2+6
66%
12-10+5
62%
20-10-3
62%
55-55+7
61%
5x4-13
59%
5+4/2
57%
100x100-100x100+7
53%
12x2-10-7
48%
45/3-8
43%
98/14
37%
Aucun quiz correspondant
Distribution des résultats
% des personnes avec chaque résultat
Percentile par nombre de réponses
Votre historique - résultats
Vous n’avez pas pris ce quiz